| 000 | 00357nam a2200145Ia 4500 | ||
|---|---|---|---|
| 008 | 230917s9999||||xx |||||||||||||| ||und|| | ||
| 040 |
_e199196 _aMAIN |
||
| 041 | _aEnglish | ||
| 082 | _a320.942 L627B | ||
| 100 | _aLiggett,E | ||
| 245 | 0 | _aBritish political issues. V2 | |
| 260 |
_aLondon _bPergamon press _c1964 |
||
| 300 | _axlix, 335 p. | ||
| 942 | _cBK | ||
| 999 |
_c168867 _d168867 |
||